000
00309nam a22001337a 4500
008
221031b ||||| |||| 00| 0 eng d
041
_a
eng
080
_2
TWELFTH EDITION
_a
51
082
_a
51
100
_a
20.1
101
_a
mate
245
_a
PRACTICAL BUSINESS MATH PROCEDURE
_c
SLATER J
942
_2
udc
_c
BK
999
_c
58697
_d
58697